000 00760nam a2200229Ii 4500
003 JO-AjNU
008 230605s9999||||xx |||||||||||||| ||und||
017 _a2003/7083
020 _a977-5024-49-7
040 _aJO-AjNU
_bara
_erda
_cJO-AjNU
041 _aara
050 1 4 _aRA971.M8422 2014
100 3 _aمخيمر، عبدالعزيز ,
_eauthor
_951987
245 0 0 _aالاتجاهات الحديثة في ادارة المستشفيات (المفاهيم والتطبيقات)
250 _aط2
264 3 1 _aالقاهرة :المنظمة العربية ،2014
300 _a256ص
336 _atext
_btxt
_2rdacontent
337 _aunmediated
_bn
_2rdamedia
338 _avolume
_bnc
_2rdacarrier
650 4 _aادارة مستشفيات
_951988
999 _aA23002
_c26570
_d26570